La Fesomia geográfica de Catalunya / per Pau Vila
Descripción Física:
42 p. : il., 1 map. pleg. ; 28 cm
Materias:
Catalunya -- Geografia
MARC
| LEADER | 00000nam a2200000Ia 4500 | ||
|---|---|---|---|
| 001 | 8293 | ||
| 008 | 160829s1937 xx 000 0 cat d | ||
| 080 | |a RF-10-3 | ||
| 100 | |a Vila, Pau |9 23870 | ||
| 245 | |a La Fesomia geográfica de Catalunya / per Pau Vila | ||
| 260 | |a Barcelona : |b Generalitat de Catalunya. Comissariat de Propaganda, |c 1937 | ||
| 300 | |a 42 p. : |b il., 1 map. pleg. ; |c 28 cm | ||
| 590 | |a Edició dedicada als heròics combatents antifeixistes | ||
| 651 | 0 | |a Catalunya |x Geografia |9 56416 | |
| 710 | 1 | |a Catalunya. |b Comissariat de Propaganda |9 56414 | |
| 856 | 4 | |u https://media.diba.cat/diba/fitxers/arxiu/fulletons/bib_8293_1937_baixa.pdf |y Accés lliure | |
| 856 | 4 | |u https://media.diba.cat/diba/fitxers/arxiu/fulletons/bib_8293_1937_baixa.pdf |y Accés lliure | |
| 901 | |a Arxiu | ||
| 942 | |n 1 |2 udc | ||
| 952 | |0 0 |1 0 |4 0 |6 RF103 |7 1 |9 47460 |a Arxiu |b Arxiu |d 2016-12-01 |l 0 |o RF-10-3 |p 8293 |r 2016-12-01 00:00:00 |w 2016-12-01 |y ARXIU | ||
| 999 | |c 51258 |d 51258 | ||
| 900 | |a bib_8293_1937_baixa.pdf | ||